000 00290nam a22001337a 4500
008 170815b xxu||||| |||| 00| 0 eng d
020 _a0024038911
041 _aeng
080 _a51
100 _a36
101 _amat
245 _aA COURSE IN SIMULATION
_cROSS.SH.M
942 _2udc
_cBK
999 _c23536
_d23536